| 000 | 00872ngm a22003010a 4500 | ||
|---|---|---|---|
| 001 | PT15506 | ||
| 003 | AR-LpoUNG | ||
| 005 | 20210202000148.0 | ||
| 007 | vd cvaizq | ||
| 008 | 191001s1970||||ag |||||||||||||||||spa d | ||
| 040 |
_aAR-LpoUNG _bspa _cAR-LpoUNG _eaacr |
||
| 041 | _aspa | ||
| 082 | 0 | _a796.83 176nos | |
| 100 | 1 |
_aValladares, Edmund _edir. |
|
| 245 | 1 | 0 | _aNosotros los monos |
| 260 |
_as.l. _bs.e. _c[1970]. |
||
| 300 | _aVHS (75 min.) : son., col. | ||
| 520 | _aLa vida y la muerte del boxeador Mario Paladino, y el box como trabajo. El director analiza los elementos de violencia e inhumanidad que se ponen en práctica en el boxeo. | ||
| 650 | 4 | _aARGENTINA | |
| 650 | 4 | _aDEPORTES | |
| 650 | 4 | _aTRABAJADORES | |
| 650 | 4 | _aVIOLENCIA | |
| 651 | 4 | _aArgentina | |
| 653 | _aCINE ARGENTINO | ||
| 653 | _aVIDEOS | ||
| 905 | _a15506 | ||
| 942 | _cVIDEO | ||
| 999 |
_c54236 _d54236 |
||